Ingeniería industrial : (Registro nro. 6187)

Detalles MARC
000 -LEADER
fixed length control field 01520nam a2200313Ia 4500
003 - CONTROL NUMBER IDENTIFIER
control field OSt
005 - DATE AND TIME OF LATEST TRANSACTION
control field 20210104133034.0
008 - FIXED-LENGTH DATA ELEMENTS--GENERAL INFORMATION
fixed length control field 191128t1980 mx aod gr 000 0 spa d
020 ## - INTERNATIONAL STANDARD BOOK NUMBER
International Standard Book Number 9686062459
040 ## - CATALOGING SOURCE
Original cataloging agency CO-JMCR
Transcribing agency CO-JMCR
041 1# - LANGUAGE CODE
Language code of text/sound track or separate title spa
Language code of original eng
082 04 - DEWEY DECIMAL CLASSIFICATION NUMBER
Classification number 658.542 /
Item number N665i
Edition number 23
100 1# - MAIN ENTRY--PERSONAL NAME
Personal name Niebel, Benjamín Willard,
Relator term autor
9 (RLIN) 12616
245 10 - TITLE STATEMENT
Title Ingeniería industrial :
Remainder of title estudio de tiempos y movimientos /
Statement of responsibility, etc. Benjamin W. Niebel ; traducción Oscar Rodríguez Ballesteros, Ma. Dolores García Díaz ; revisión y adaptación técnica Francisco Paniagua Bocanegra
250 ## - EDITION STATEMENT
Edition statement Segunda edición
260 ## - PUBLICATION, DISTRIBUTION, ETC.
Place of publication, distribution, etc. México :
Name of publisher, distributor, etc. Representaciones y servicios de ingeniería,
Date of publication, distribution, etc. ©1980
300 ## - PHYSICAL DESCRIPTION
Extent xii, 680 páginas :
Other physical details fotografías y gráficos a blanco y negro ;
Dimensions 23 cm.
504 ## - BIBLIOGRAPHY, ETC. NOTE
Bibliography, etc. note Bibliografía al final de cada capítulo.
505 0# - FORMATTED CONTENTS NOTE
Formatted contents note Los métodos, los estudios de tiempos y los sistemas de pago de salarios en la actualidad -- Desarrollo del estudio de tiempos y movimientos -- Medios gráficos del analista de métodos -- Análisis de operaciones -- Análisis de operaciones (continuación)
534 ## - ORIGINAL VERSION NOTE
Introductory phrase Motion and time study
546 ## - LANGUAGE NOTE
Language note Traducido del inglés
650 14 - SUBJECT ADDED ENTRY--TOPICAL TERM
Topical term or geographic name entry element Análisis ocupacional
9 (RLIN) 12610
650 14 - SUBJECT ADDED ENTRY--TOPICAL TERM
Topical term or geographic name entry element Salarios
9 (RLIN) 2561
650 14 - SUBJECT ADDED ENTRY--TOPICAL TERM
Topical term or geographic name entry element Medición del trabajo
9 (RLIN) 12611
700 1# - ADDED ENTRY--PERSONAL NAME
Personal name Rodríguez Ballesteros, Oscar,
Relator term traductor
9 (RLIN) 12617
700 1# - ADDED ENTRY--PERSONAL NAME
Personal name García Díaz, Ma. Dolores,
Relator term traductora
9 (RLIN) 12618
700 1# - ADDED ENTRY--PERSONAL NAME
Personal name Paniagua Bocanegra, Francisco,
Relator term revisor
9 (RLIN) 12619
942 ## - ADDED ENTRY ELEMENTS (KOHA)
Source of classification or shelving scheme Dewey Decimal Classification
Koha item type Books
Existencias
Withdrawn status Lost status Source of classification or shelving scheme Damaged status Not for loan Collection code Home library Current library Date acquired Source of acquisition Total Checkouts Full call number Barcode Date last seen Date last checked out Copy number Koha item type
    Dewey Decimal Classification     Non-fiction Biblioteca Pública José María del Castillo y Rada Biblioteca Pública José María del Castillo y Rada 04/15/2018 Donación 2 658.542 / N665i 430012137 05/16/2024 12/20/2019 Ej.1 Books